| 000 | 00808nam a22003257a 4500 | ||
|---|---|---|---|
| 005 | 20260206193052.0 | ||
| 008 | 260206b2022 |||||||| |||| 00| 0 spa d | ||
| 020 | _a9788413668758 | ||
| 041 | _aESP/ENG | ||
| 082 | _a421.55 Sch411g | ||
| 100 | _aSchwarz, Marijke | ||
| 245 | _aGuía rápida de inglés para hostelería y turismo | ||
| 260 | _aEspaña | ||
| 260 | _bEdiciones Paraninfo | ||
| 260 | _c2022 | ||
| 300 | _a170 páginas | ||
| 490 | _aTurismo | ||
| 650 | _aENSEÑANZA DEL INGLÉS | ||
| 650 | _aHOSTELERÍA | ||
| 650 | _aTURISMO | ||
| 650 | _aPRONUNCIACIÓN | ||
| 650 | _aEXPRESIONES | ||
| 650 | _aDICCIONARIO | ||
| 650 | _aTEACHING ENGLISH | ||
| 650 | _aHOSPITALITY | ||
| 650 | _aEXPRESSIONS | ||
| 650 | _aPRONUNCIATION | ||
| 650 | _aDICTIONARY | ||
| 942 |
_2ddc _cBK |
||
| 999 |
_c13903 _d13903 |
||